<?xml version="1.0" encoding="UTF-8"?>
<marc:record xmlns:marc="http://www.loc.gov/MARC21/slim">
   <marc:leader>00000nam a2200000 a 4500</marc:leader>
   <marc:datafield ind1="1" ind2=" " tag="100">
      <marc:subfield code="a">Safier, David</marc:subfield>
      <marc:subfield code="4">aut</marc:subfield>
      <marc:subfield code="e">Verfasser/-in</marc:subfield>
   </marc:datafield>
   <marc:datafield ind1=" " ind2=" " tag="653">
      <marc:subfield code="a">Indien</marc:subfield>
   </marc:datafield>
   <marc:datafield ind1=" " ind2=" " tag="653">
      <marc:subfield code="a">Kuh</marc:subfield>
   </marc:datafield>
   <marc:datafield ind1=" " ind2=" " tag="653">
      <marc:subfield code="a">Auswanderung</marc:subfield>
   </marc:datafield>
   <marc:datafield ind1="0" ind2="0" tag="245">
      <marc:subfield code="a">Muh!</marc:subfield>
   </marc:datafield>
   <marc:datafield ind1="0" ind2="0" tag="245">
      <marc:subfield code="b">Roman</marc:subfield>
   </marc:datafield>
   <marc:datafield ind1=" " ind2="1" tag="264">
      <marc:subfield code="b">Kindler</marc:subfield>
      <marc:subfield code="c">2012</marc:subfield>
   </marc:datafield>
   <marc:datafield ind1="1" ind2=" " tag="520">
      <marc:subfield code="a">Die ostfriesische Kuh Lolle hat gerade eine ziemlich schlechte Phase: Nicht nur dass sie entdeckt, wie ihr heißgeliebter Stier Champion sie mit der dusseligen Kuh Susi betrügt. Nein, sie erfährt auch noch, dass der Bauer den Hof verkaufen will und alle Kühe der Herde zwischen zwei Brötchenhälften enden werden. Aber es gibt noch Hoffnung. Ein weitgereister italienischer Kater verrät ihr, dass es ein Paradies für Kühe gibt: Indien!
Und so beschließt Lolle, sich noch in der gleichen Nacht mit ihren beiden besten Freundinnen vom Acker zu machen und sich auf die gefährliche Reise ins gelobte Land zu begeben</marc:subfield>
   </marc:datafield>
   <marc:datafield ind1=" " ind2=" " tag="020">
      <marc:subfield code="a">9783463406039</marc:subfield>
      <marc:subfield code="9">9783463406039</marc:subfield>
   </marc:datafield>
</marc:record>
